The Multi-agent Programming contest 2019 : agents assemble - block by block to victory.
שמור ב:
| מחבר ראשי: | |
|---|---|
| פורמט: | ספר |
| יצא לאור: |
springer
|
| תגים: |
אין תגיות, היה/י הראשונ/ה לתייג את הרשומה!
|
MARC
| LEADER | 00000nam a2200000Ia 4500 | ||
|---|---|---|---|
| 005 | 20260515061614.0 | ||
| 100 | |a Tobias Ahlbrecht | ||
| 020 | |a 9783030592981 | ||
| 942 | |c BK | ||
| 245 | |a The Multi-agent Programming contest 2019 : agents assemble - block by block to victory. | ||
| 260 | |b springer | ||
| 999 | |c 7 |d 7 | ||
| 952 | |0 0 |1 0 |4 0 |7 0 |a ABDN |b ABDN |d 2026-05-15 |l 0 |p 000095 |r 2026-05-15 06:16:14 |w 2026-05-15 |y BK | ||